Statistics for The Least Visited Countries in the World Quiz

Click here to take the quiz!

General Stats

  • This quiz has been taken 20 times
  • The average score is 19 of 26

Answer Stats

HintAnswer% Correct
2/3 of the country is covered by the Sahara desertMauritania
89%
It was once the world's richest countryNauru
89%
It's The World's Youngest NationSouth Sudan
89%
The country does not take credit cardsTuvalu
89%
a total of 1,225 islands, 870 reef systems, and 160 species of coral.Marshall Islands
84%
coastline totals an impressive 5,313 kilometres in length.Solomon Islands
84%
is home to the only ancient city ever built on a coral reefFederated States of Micronesia
79%
is made up of 33 coral islandsKiribati
79%
their people came from austrailiaTimor-Leste
79%
is known as the “Perfume Isles” due to their fragrant plant life, particularly that of the ylang-ylang flowerComoros
74%
3rd smallest country in the worldDjibouti
74%
this country is home to an ancient volcanoLibya
74%
It's ranked as the second poorest country in the worldSomalia
74%
this country is home of the humpback whalesTonga
74%
has nine volcanoesDominica
68%
has a 320 km long coastline and iconic beachesGuinea
68%
their islands are run by womenGuinea-Bissau
68%
they speak germanLiechtenstein
68%
has 32 islands and cays.Saint Vincent and the Grenadines
68%
was founded by the Portuguese in 1470Sao Tome and Principe
68%
means the "roaring mountains"Sierra Leone
68%
is the 41st largest country in the world (had a big war..)Afghanistan
63%
Major languages: Spanish, Fang, Bubi, Portuguese, French, Creoles.Equatorial Guinea
63%
has africa's cleanest citiesLiberia
58%
is 70% desertTurkmenistan
53%
home to the worlds second largest rainforestThe Central African Republic
32%

Score Distribution

Percentile by Number Answered

Percent of People with Each Score

Your Score History

You have not taken this quiz